| 000 | 01266nam a22002777a 4500 | ||
|---|---|---|---|
| 005 | 20240530110628.0 | ||
| 008 | 170110s2014 ua a g 000 0 ara d | ||
| 017 |
_a2014/13460 _bمصر. دار الكتب |
||
| 020 | _a9789773223335 | ||
| 040 |
_aEG-CaGPL _cEG-CaGPL |
||
| 082 | 0 | 4 |
_221 _a523.12\ _bج ن |
| 100 | 1 | _aجاموف ، جورج . | |
| 245 | 1 | 0 |
_aنشوء الكون / _cتاليف جورج جاموف ؛ ترجمة و تقديم اسماعيل مظهر ؛ تحرير و تقديم احمد الهوارى . |
| 250 | _aط.1 | ||
| 260 |
_aالقاهرة : _bعين للدراسات و البحوث الانسانية و الاجتماعية ، _c2014 . |
||
| 300 |
_a232 ص : _bايض ؛ _c24 سم . |
||
| 490 | 0 | _aمن ذاكرة النهضة : الاعمال الكاملة لاسماعيل مظهر : كتابات فى تاريخ علم و فلسفة . | |
| 490 | 0 | _aكتابات من تاريخ العلوم و الفلسفة . | |
| 650 | 0 | 7 |
_2qrmak _aالكون . |
| 650 | 0 | 7 |
_2qrmak _aالنشوء و الارتقاء . |
| 651 | _2qrmak | ||
| 700 | 0 |
_aاسماعيل مظهر _eمترجم و مقدم . |
|
| 700 | 0 |
_aاحمد الهوارى _eمحرر و مقدم . |
|
| 942 |
_2ddc _cBK |
||
| 999 |
_c63194 _d63194 |
||